Sanat - "Häitä pidelly" - Robin Packalen - Statistics

Yleistilastot
  • Tätä visaa on pelattu 185 kertaa
  • Keskiarvotulos 152 / 265
Vastaustilastot
Vastaus % Oikein
Ja
95%
ja
95%
Pidelly
95%
pidelly
95%
Ku
94%
Antti
92%
on
92%
Järvinen
91%
91%
91%
91%
91%
et
90%
Et
90%
häitä
89%
jo
89%
luulin
85%
ois
85%
Mut
84%
mut
84%
kuulin
83%
sul
82%
fucking
81%
joku
79%
nyt
79%
Nyt
79%
oisin
79%
Oisin
79%
saa
79%
siinä
77%
sut
77%
rouva
76%
kuka
75%
sun
75%
ite
72%
kaa
71%
olikaan
71%
muu
70%
En
65%
en
65%
oo
65%
se
65%
Se
65%
nii
64%
me
63%
säitä
63%
vaa
63%
mun
61%
näitä
61%
Nää
60%
nää
60%
Täs
60%
tässä
58%
kyynelii
57%
niin
57%
ei
56%
kai
56%
tai
56%
Tai
56%
joka
54%
sua
54%
hautakiveen
53%
vaan
53%
meidän
52%
ollu
51%
Muuttolinnut
50%
voi
50%
lentää
49%
oon
49%
onnee
48%
Kun
47%
kun
47%
piirretty
47%
aikanaan
46%
Mikäs
46%
päivä
46%
Sen
46%
väitän
46%
kantaisit
44%
Ain
43%
miettiny
43%
Mul
43%
nimee
43%
tää
43%
välitä
42%
onneks
41%
varten
41%
Pilvet
40%
enää
39%
mietin
39%
suolanen
39%
alttarille
38%
antaa
38%
Anttilat
38%
heijastus
38%
kaikki
38%
konkas
38%
sulle
38%
valmis
38%
voin
38%
saattaa
37%
varmaa
37%
Anttia
36%
kaiken
36%
kaunis
36%
takas
36%
vihaan
36%
luulit
35%
väittää
35%
voinut
35%
etten
34%
kyl
34%
vedessä
34%
käyttää
33%
valmiina
33%
miten
32%
paitaa
32%
Siit
31%
siit
31%
jokast
30%
antamaa
29%
edessä
29%
ehti
29%
kuin
29%
haikara
28%
ne
28%
pois
28%
näyttää
27%
tuskin
27%
auttaa
26%
mutta
26%
sanominen
26%
hyvin
25%
lensit
25%
menee
25%
jotenkin
24%
oletin
24%
otettiin
24%
saman
24%
ainakin
23%
toisemme
23%
yli
23%
haikailla
21%
maindata
21%
silti
21%
teil
21%
vaivata
21%
jaksanu
20%
kaikest
20%
selvitään
20%
taitaa
20%
antanu
18%
maailman
18%
Pääsin
18%
Elämä
17%
illalla
17%
kulta
17%
Eilen
15%
hopeet
15%
fiiliksessä
14%
hokee
14%
jatkuu
13%
poden
13%
Sanoin
12%
tahtookin
12%
Ehtoja vastaavia visoja ei löytynyt
Tulosjakauma
Jokaisen tuloksen saaneiden osuus
Persentiili vastausten määrän mukaan
Tuloshistoriasi
Et ole pelannut tätä visaa